[Event "Foment Martinenc op-C 19st"]
[Site "Barcelona"]
[Date "2017.05.27"]
[Round "6.5"]
[White "Lopez Agea, Diego Gines"]
[Black "Negre Pipla, Josep"]
[Result "1-0"]
[WhiteElo "1780"]
[BlackElo "1727"]
[PlyCount "55"]
[EventDate "2017.04.22"]
[EventType "swiss"]
[EventRounds "9"]
[EventCountry "ESP"]
[SourceTitle "EXT 2024"]
[Source "ChessBase"]
[SourceDate "2023.10.10"]
[SourceVersion "1"]
[SourceVersionDate "2023.10.10"]
[SourceQuality "1"]

1. d4 Nf6 2. Nf3 g6 3. Bf4 d6 4. h3 Bg7 5. e3 0-0 6. Be2 b6 7. 0-0 Bb7 8. a4 a6 9. c4 Nbd7 10. Nc3 e6 11. a5 Re8 12. Bh2 e5 13. b4 exd4 14. Nxd4 c5 15. bxc5 dxc5 16. Nb3 Rc8 17. Ra2 Qe7 18. Rd2 Red8 19. Bd6 Qe6 20. axb6 Nxb6 21. Nxc5 Rxc5 22. Bxc5 Rxd2 23. Qxd2 Qd7 24. Qxd7 Nbxd7 25. Bd4 Ne4 26. Nxe4 Bxe4 27. c5 Bf8 28. Rc1 1-0

[Event "Foment Martinenc op-C 19st"]
[Site "Barcelona"]
[Date "2017.04.22"]
[Round "1.11"]
[White "Francia, Christian"]
[Black "Lopez Agea, Diego Gines"]
[Result "0-1"]
[WhiteElo "1676"]
[BlackElo "1780"]
[PlyCount "48"]
[EventDate "2017.04.22"]
[EventType "swiss"]
[EventRounds "9"]
[EventCountry "ESP"]
[SourceTitle "EXT 2024"]
[Source "ChessBase"]
[SourceDate "2023.10.10"]
[SourceVersion "1"]
[SourceVersionDate "2023.10.10"]
[SourceQuality "1"]

1. e4 e6 2. d4 d5 3. e5 c5 4. c3 Qb6 5. f4 Bd7 6. a4 Nc6 7. Nf3 Nh6 8. Be3 Nf5 9. Bf2 Qxb2 10. Na3 Qxc3+ 11. Nd2 a6 12. Qc1 Qxc1+ 13. Rxc1 Ncxd4 14. Bxd4 Nxd4 15. Nc2 Nxc2+ 16. Rxc2 Bxa4 17. Rc3 c4 18. Be2 Bb4 19. Rc1 Bxd2+ 20. Kxd2 Ke7 21. Rhf1 b5 22. Bd1 Bxd1 23. Rcxd1 b4 24. Ra1 d4 0-1

[Event "Foment Martinenc op-C 18th"]
[Site "Barcelona"]
[Date "2016.06.04"]
[Round "7"]
[White "Clusa Capell, Albert"]
[Black "Lopez Agea, Diego Gines"]
[Result "0-1"]
[WhiteElo "1700"]
[BlackElo "1703"]
[PlyCount "38"]
[EventDate "2016.04.23"]
[EventType "swiss"]
[EventRounds "9"]
[EventCountry "ESP"]
[SourceTitle "EXT 2017"]
[Source "ChessBase"]
[SourceDate "2016.10.25"]
[SourceVersion "1"]
[SourceVersionDate "2016.10.25"]
[SourceQuality "1"]

1. e4 e6 2. d4 d5 3. Nc3 Nf6 4. e5 Nfd7 5. Nf3 c5 6. Be3 Nc6 7. Be2 a6 8. 0-0 b5 9. Qd2 Be7 10. a4 b4 11. Nd1 0-0 12. b3 a5 13. Nb2 f6 14. c4 cxd4 15. Nxd4 Nxd4 16. Bxd4 fxe5 17. Bg4 Nf6 18. Bxe6+ Bxe6 19. Bxe5 dxc4 0-1